| 000 | 00700nab a2200229 a 4500 | ||
|---|---|---|---|
| 001 | 53635 | ||
| 003 | 124208 | ||
| 005 | 20201118102929.0 | ||
| 008 | ||||||n9999 ||| || || | ||
| 041 | _aspa | ||
| 100 | _aAlles de Burdman, Martha Alicia | ||
| 245 | 0 |
_aLa entrevista : _bsugerencias para el entrevistador ocasional pp.177-181 |
|
| 260 |
_aBuenos Aires : _bContabilidad Moderna, _c1987. |
||
| 562 | _e0 | ||
| 650 | _aADMINISTRACIÓN DEL RECURSO HUMANO | ||
| 650 | _aANALISIS DE CONTENIDO | ||
| 650 | _aENTREVISTA | ||
| 650 | _aSELECCIÓN DE PERSONAL | ||
| 650 | _aTÉCNICAS ADMINISTRATIVAS | ||
| 773 |
_053245 _aAdministracion de empresas - Vol.18 No.207 (1987) |
||
| 942 | _cSART | ||
| 999 |
_c53635 _d53635 |
||